| 000 -LEADER |
| fixed length control field |
00399nam a2200133Ia 4500 |
| 008 - FIXED-LENGTH DATA ELEMENTS--GENERAL INFORMATION |
| fixed length control field |
200103s 1999 ||||xx |||||||||||||| ||und|| |
| 020 ## - INTERNATIONAL STANDARD BOOK NUMBER |
| International Standard Book Number |
8186270019 |
| 082 ## - DEWEY DECIMAL CLASSIFICATION NUMBER |
| Classification number |
697.9315 |
| Item number |
BAN |
| 100 ## - MAIN ENTRY--PERSONAL NAME |
| Personal name |
Banwait, S.S. and Laroiya, S.C. |
| 245 #0 - TITLE STATEMENT |
| Title |
Properties of Refregerant and Psychrometric tables & charts in S.I. Units |
| 260 ## - PUBLICATION, DISTRIBUTION, ETC. (IMPRINT) |
| Name of publisher, distributor, etc |
Birla Publications |
| Date of publication, distribution, etc |
1999 |
| Place of publication, distribution, etc |
Delhi |
| 300 ## - PHYSICAL DESCRIPTION |
| Extent |
55p. |
| 942 ## - ADDED ENTRY ELEMENTS (KOHA) |
| Item type |
Books |